|
|
|
|
| LEADER |
00000nab a2200000 a 4500 |
| 001 |
vtls000095552 |
| 003 |
SK-MaSNL |
| 005 |
20260304061845.0 |
| 008 |
250422c1981 xo 0 slo |
| 015 |
|
|
|a SNBRB19rr/mm-uuuuu
|
| 035 |
|
|
|a CL0105655
|
| 035 |
|
|
|a urn:nbn:sk:snk-abao6g
|
| 035 |
|
|
|a (urnnbn)urn:nbn:sk:snk:ar-a0a5f3
|
| 035 |
|
|
|a (uuid)2566f05d-9a7b-4aa0-9058-4c4145e7de3c
|
| 040 |
|
|
|a SNKBUCL
|b slo
|c SNKBUCL
|e AACR2
|
| 041 |
0 |
|
|a slo
|
| 044 |
|
|
|a xo
|c SK
|
| 080 |
|
|
|a 547
|2 1981
|
| 080 |
|
|
|a 571
|2 1981
|
| 100 |
1 |
|
|a Kellö, Vladimír,
|d 1947-
|4 aut
|9 114837
|
| 245 |
1 |
0 |
|a Produkty oxidácie uhľovodíkov v prítomnosti antioxidantov
|n IV
|p Sledovanie množstva peroxozlúčenín
|c V. Kellő, K. Miglierini
|
| 300 |
|
|
|b Obr. 8.
|
| 650 |
0 |
7 |
|a peroxozlúčeniny
|2 snkbucl
|9 937769
|
| 655 |
|
7 |
|a články z novín a časopisov
|2 snkbucl
|9 267496
|
| 700 |
1 |
|
|a Miglierini, Kvetoslava
|4 aut
|9 212360
|
| 773 |
0 |
|
|t Ropa a uhlie
|g Roč. 23, č. 7 (1981), s. 409-415
|
| 850 |
|
|
|a Slovenská národná knižnica
|
| 852 |
|
|
|a Slovenská národná knižnica
|
| 958 |
|
|
|a article14
|
| 958 |
|
|
|a OND
|
| 958 |
|
|
|a RK
|
| 958 |
|
|
|a EUIPO
|
| 992 |
|
|
|a RBX
|
| 999 |
|
|
|c 2735388
|d 2737318
|